80s Music Artists - Statistics

General Stats
  • This quiz has been taken 112 times
  • The average score is 55 of 178
Answer Stats
Picture Answer % Correct
Prince
82%
Cyndi Lauper
81%
Michael Jackson
81%
Whitney Houston
80%
George Michael
78%
Bon Jovi
77%
Queen
77%
Madonna
76%
Phil Collins
76%
Wham
76%
Janet Jackson
73%
David Bowie
72%
A-ha
68%
Billy Idol
68%
Cher
68%
Tina Turner
67%
Culture Club
66%
Guns N Roses
66%
Kiss
66%
Tears for Fears
63%
Police
62%
Blondie
61%
Boy George
61%
Eurythmics
61%
Rick Astley
59%
Hall & Oates
58%
Bruce Springsteen
54%
Alice Cooper
53%
Bonnie Tyler
53%
Duran Duran
53%
Van Halen
53%
Joan Jett
51%
Milli Vanilli
51%
Aretha Franklin
49%
Bananarama
49%
Olivia Newton-John
49%
ZZ Top
49%
Def Leppard
48%
Journey
48%
Kate Bush
48%
Kylie Minogue
48%
Tiffany
48%
Stevie Nicks
47%
Bangles
46%
Diana Ross
46%
Pet Shop Boys
46%
Heart
43%
Pat Benatar
43%
Paula Abdul
43%
Salt N Pepa
43%
Aerosmith
42%
B-52's
42%
Motley Crue
42%
Rick James
42%
Depeche Mode
39%
Donna Summer
39%
Human League
39%
Cure
38%
Devo
38%
Europe
38%
Falco
38%
Roxette
38%
Dexy's Midnight Runners
37%
Go-Go's
37%
Soft Cell
37%
Spandau Ballet
37%
Talking Heads
37%
Whitesnake
37%
Fine Young Cannibals
35%
Twisted Sister
35%
Dead Or Alive
34%
Gloria Estefan
34%
Men at Work
34%
Pointer Sisters
34%
A Flock Of Seagulls
33%
Billy Ocean
33%
INXS
33%
Kajagoogoo
32%
Kool & The Gang
32%
Madness
32%
Thompson Twins
32%
Pretenders
30%
Samantha Fox
30%
Belinda Carlisle
29%
Chaka Khan
29%
Kim Carnes
29%
Kim Wilde
29%
Limahl
28%
Robert Palmer
28%
Debbie Gibson
25%
Ratt
25%
Simple Minds
25%
Starship
25%
Bronski Beat
24%
Foreigner
24%
Scorpions
24%
Cars
23%
Frankie Goes to Hollywood
23%
Howard Jones
23%
Taylor Dayne
23%
ABC
22%
Irene Cara
22%
Laura Branigan
22%
Thomas Dolby
22%
Adam & The Ants
20%
Erasure
20%
Sheena Easton
20%
Sheila E
20%
Chicago
19%
Debarge
19%
Yazoo
19%
Bros
18%
Cinderella
18%
Nena
18%
Richard Marx
18%
Til Tuesday
18%
Alphaville
16%
Berlin
16%
Chris De Burgh
16%
Crowded House
16%
New Order
16%
Cameo
15%
Corey Hart
15%
Toni Basil
15%
Divinyls
14%
Feargal Sharkey
14%
Gary Numan
14%
Mel & Kim
14%
Nik Kershaw
14%
Orchestral Manoeuvres in the Dark/OMD
14%
Talk Talk
14%
Ultravox
14%
Yes
14%
Baltimora
13%
Level 42
13%
Rockwell
13%
Cutting Crew
11%
Missing Persons
11%
Survivor
11%
Wang Chung
11%
Bow Wow Wow
10%
Captain Sensible
10%
Jets
10%
Jody Watley
10%
Johnny Hates Jazz
10%
Split Enz
10%
Vixen
10%
Eric Carmen
9%
Jennifer Rush
9%
King
9%
Stacey Q
9%
Animotion
8%
Expose
8%
Icehouse
8%
Klymaxx
8%
Mary Jane Girls
8%
Mr Mister
8%
Pseudo Echo
8%
Transvision Vamp
8%
Go West
6%
Lisa Lisa & The Cult Jam
6%
Naked Eyes
6%
Nu Shooz
6%
Teena Marie
6%
Dokken
5%
Eurogliders
5%
Heaven 17
5%
Midnight Star
5%
Shannon
4%
Vanity 6
4%
Whodini
4%
Psychedelic Furs
3%
Real Life
3%
Belle Stars
1%
Blancmange
1%
SOS Band
1%
Toto Coelo
1%
Wa Wa Nee
1%
No matching quizzes found
Score Distribution
Percent of People with Each Score
Percentile by Number Answered
Your Score History
You have not taken this quiz